<?xml version="1.0" encoding="UTF-8"?>
<record
    xmlns:xsi="http://www.w3.org/2001/XMLSchema-instance"
    xsi:schemaLocation="http://www.loc.gov/MARC21/slim http://www.loc.gov/standards/marcxml/schema/MARC21slim.xsd"
    xmlns="http://www.loc.gov/MARC21/slim">

  <leader>05628njm a2200649Ia 4500</leader>
  <controlfield tag="001">A5411</controlfield>
  <controlfield tag="003">IT-RoPAU</controlfield>
  <controlfield tag="005">20220918181115.0</controlfield>
  <controlfield tag="008">131025s9999    xx            000 0 und d</controlfield>
  <datafield tag="040" ind1=" " ind2=" ">
    <subfield code="a">IT-RoPAU</subfield>
  </datafield>
  <datafield tag="040" ind1=" " ind2=" ">
    <subfield code="c">IT-RoPAU</subfield>
  </datafield>
  <datafield tag="999" ind1=" " ind2=" ">
    <subfield code="c">99341</subfield>
    <subfield code="d">99341</subfield>
  </datafield>
  <datafield tag="999" ind1=" " ind2=" ">
    <subfield code="b">n.d.</subfield>
  </datafield>
  <datafield tag="100" ind1=" " ind2=" ">
    <subfield code="a">AA.VV.</subfield>
    <subfield code="9">794</subfield>
  </datafield>
  <datafield tag="100" ind1=" " ind2=" ">
    <subfield code="e">Autore musica</subfield>
    <subfield code="9">28169</subfield>
  </datafield>
  <datafield tag="100" ind1=" " ind2=" ">
    <subfield code="g">Codice autore musica SPICS: 12000</subfield>
    <subfield code="9">796</subfield>
  </datafield>
  <datafield tag="245" ind1=" " ind2=" ">
    <subfield code="a">Prestige Story (The)</subfield>
  </datafield>
  <datafield tag="250" ind1=" " ind2=" ">
    <subfield code="a">2a ed.</subfield>
  </datafield>
  <datafield tag="260" ind1=" " ind2=" ">
    <subfield code="a">MILANO</subfield>
  </datafield>
  <datafield tag="260" ind1=" " ind2=" ">
    <subfield code="b">RUSCONI</subfield>
    <subfield code="c">1992 [1a Ed.:0]</subfield>
  </datafield>
  <datafield tag="300" ind1=" " ind2=" ">
    <subfield code="a">COMPACT DISC</subfield>
  </datafield>
  <datafield tag="300" ind1=" " ind2=" ">
    <subfield code="c">74 minuti (Testo: 0 pag.)</subfield>
  </datafield>
  <datafield tag="500" ind1=" " ind2=" ">
    <subfield code="a">Musica jazz. Compact fuori commercio allegato al n. 2 1992 della rivista "Musica jazz".</subfield>
  </datafield>
  <datafield tag="505" ind1=" " ind2=" ">
    <subfield code="a">Subconscious Lee [(New York, 11 gennaio 1949) (Tristano Lennie) (3:00)] - Mar Cia [(New York, 21 giugno 1949) (Getz Stan) (3:00)] - Afternoon In Paris [(New York, 17 ottobre 1949) (Johnson Jay Jay) (4:00)] - Elysee [(New York, 26 maggio 1949) (Johnson Jay Jay) (4:00)] - Bop Scotch [(New York, 10 marzo 1949) (Chaloff Serge) (4:00)] - Ezz Thetic [(New York, 8 marzo 1951) (Konitz Lee) (3:00)] - With A Song In My Heart [(New York, 17 dicembre 1951) (Rollins Sonny) (4:00)] - It Had To Be You [(New York, 14 agosto 1951) (Sims Zoot) (3:00)] - Bweebida Bobbida [(Los Angeles, 27 agosto 1951) (Mulligan Gerry) (4:00)] - Moody's Mood For Love [(I'm in the Mood For Love) (New York, 19 febbraio 1952) (Pleasure King) (4:00)] - Django [(New York, 23 dicembre 1954) (Modern Jazz Quartet) (8:00)] - Just Squeeze Me [(Hackensack, 16 novembre 1955) (Davis Miles) (8:00)] - I Feel A Song Comin' On [(Hackensack, 22 marzo 1956) (Rollins Sonny) (6:00)] - Remember [(Hackensack, 6 settembre 1957) (Evans Gil) (5:00)] - Violets For Your Furs [(Hackensack, 31 maggio 1957) (Coltrane John William) (7:00)] - San Francisco Holiday [(Hackensack, 14 novembre 1961) (Lacy Steve) (5:00)] - Thirteen [(Hackensack, 27 giugno 1961) (Waldron Mal) (5:00)]</subfield>
  </datafield>
  <datafield tag="511" ind1=" " ind2=" ">
    <subfield code="a">Rodney Red: tr; Swope Earl: trne; Cohn Al: ten; Chaloff Serge: bar; Carroll Barbara: p; Gibbs Terry: vib; Pettiford Oscar: cb; Best Denzil: batt</subfield>
  </datafield>
  <datafield tag="511" ind1=" " ind2=" ">
    <subfield code="a">Davis Miles: tr; Konitz Lee: alto; Mosca Sal: p; Bauer Billy: chit; Fishkin Arnold: cb; Roach Max: batt</subfield>
  </datafield>
  <datafield tag="511" ind1=" " ind2=" ">
    <subfield code="a">Rollins Sonny: ten; Drew Kenny: p; Heath Percy: cb; Blakey Art: batt</subfield>
  </datafield>
  <datafield tag="511" ind1=" " ind2=" ">
    <subfield code="a">Sims Zoot: ten; Biss Harry: p; Lombardi Clyde: cb; Blakey Art: batt</subfield>
  </datafield>
  <datafield tag="511" ind1=" " ind2=" ">
    <subfield code="a">Hurwitz Jerry Lloyd: tr; Travis Nick: tr; Wilson Ollie: trne; Eager Allen: ten; Mulligan Gerry: bat; McElroy Max: bar; Wallington George: p; Leshin Phil: cb; Bolden Walter: batt; Madden Gail: maracas</subfield>
  </datafield>
  <datafield tag="511" ind1=" " ind2=" ">
    <subfield code="a">Pleasure King: voc; Dearie Blossom: voc; Stepter Merrill: tr; Davis Lem: alto; Abrams Ray: ten; Payne Cecil: bar; Wiltshire Teacho: p; Gaskin Leonard: cb; Lee Teddy: batt</subfield>
  </datafield>
  <datafield tag="511" ind1=" " ind2=" ">
    <subfield code="a">Lewis John: p; Jackson Milt: vib; Heath Pearcy: cb; Clarke Kenny: batt</subfield>
  </datafield>
  <datafield tag="511" ind1=" " ind2=" ">
    <subfield code="a">Davis Miles: tr; Garland Red: p; Chambers Paul: cb; Jones Philly Joe: batt</subfield>
  </datafield>
  <datafield tag="511" ind1=" " ind2=" ">
    <subfield code="a">Brown Clifford: tr; Rollins Sonny: ten; Powell Richie: p; Morrow George: cb; Roach Max: batt</subfield>
  </datafield>
  <datafield tag="511" ind1=" " ind2=" ">
    <subfield code="a">Carisi John: tr; Koven Jake: tr; Cleveland Jimmy: trne; Varsalona Bart: trne, b; Ruff Willie: corno; Lacy Steve: sop; Konitz Lee (Zeke Tolin): alto; Kurtzer Dave: fagotto; Evans Gil: p; Chambers Paul: cb; Jones Jo: batt</subfield>
  </datafield>
  <datafield tag="511" ind1=" " ind2=" ">
    <subfield code="a">Coltrane John: ten; Garland Red: p; Chambers Paul: cb; Heath Albert: batt</subfield>
  </datafield>
  <datafield tag="511" ind1=" " ind2=" ">
    <subfield code="a">Cherry Don: tr; Lacy Steve: sop; Brown Carl: cb; Higgins Billy: batt</subfield>
  </datafield>
  <datafield tag="511" ind1=" " ind2=" ">
    <subfield code="a">Dolphy Eric: alto; Ervin Booker: ten; Waldron Mal: p; Carter Ran: cello; Benjamin Joe: cb; Persip Charlie: batt</subfield>
  </datafield>
  <datafield tag="650" ind1=" " ind2=" ">
    <subfield code="a">JAZZ [COMPACT DISC]</subfield>
    <subfield code="e">Codice MATERIA SPICS: 9949</subfield>
    <subfield code="9">11822</subfield>
  </datafield>
  <datafield tag="700" ind1=" " ind2=" ">
    <subfield code="a">Konitz Lee</subfield>
    <subfield code="d">Codice autore musica SPICS: 11301</subfield>
    <subfield code="e">Autore musica</subfield>
    <subfield code="p">Subconscious Lee</subfield>
    <subfield code="9">28172</subfield>
  </datafield>
  <datafield tag="700" ind1=" " ind2=" ">
    <subfield code="a">Getz Stan</subfield>
    <subfield code="d">Codice autore musica SPICS: 10710</subfield>
    <subfield code="e">Autore musica</subfield>
    <subfield code="p">Mar Cia</subfield>
    <subfield code="9">28173</subfield>
  </datafield>
  <datafield tag="700" ind1=" " ind2=" ">
    <subfield code="a">Lewis John</subfield>
    <subfield code="d">Codice autore musica SPICS: 10627</subfield>
    <subfield code="e">Autore musica</subfield>
    <subfield code="p">Afternoon In Paris - Elysee - Django</subfield>
    <subfield code="9">28174</subfield>
  </datafield>
  <datafield tag="700" ind1=" " ind2=" ">
    <subfield code="a">Chaloff Serge</subfield>
    <subfield code="d">Codice autore musica SPICS: 18839</subfield>
    <subfield code="e">Autore musica</subfield>
    <subfield code="p">Bop Scotch</subfield>
    <subfield code="9">28175</subfield>
  </datafield>
  <datafield tag="700" ind1=" " ind2=" ">
    <subfield code="a">Russell George</subfield>
    <subfield code="d">Codice autore musica SPICS: 25142</subfield>
    <subfield code="e">Autore musica</subfield>
    <subfield code="p">Ezz Thetic</subfield>
    <subfield code="9">28176</subfield>
  </datafield>
  <datafield tag="700" ind1=" " ind2=" ">
    <subfield code="a">Rodgers Richard</subfield>
    <subfield code="d">Codice autore musica SPICS: 11120</subfield>
    <subfield code="e">Autore musica</subfield>
    <subfield code="p">With A Song In My Heart</subfield>
    <subfield code="9">28177</subfield>
  </datafield>
  <datafield tag="700" ind1=" " ind2=" ">
    <subfield code="a">Hart Lorenz</subfield>
    <subfield code="d">Codice autore SPICS: 10738</subfield>
    <subfield code="e">Autore</subfield>
    <subfield code="p">With A Song In My Heart</subfield>
    <subfield code="9">28178</subfield>
  </datafield>
  <datafield tag="700" ind1=" " ind2=" ">
    <subfield code="a">Kahn</subfield>
    <subfield code="d">Codice autore musica SPICS: 19977</subfield>
    <subfield code="e">Autore musica</subfield>
    <subfield code="p">It Had To Be You</subfield>
    <subfield code="9">28179</subfield>
  </datafield>
  <datafield tag="700" ind1=" " ind2=" ">
    <subfield code="a">Jones</subfield>
    <subfield code="d">Codice autore SPICS: 19978</subfield>
    <subfield code="e">Autore</subfield>
    <subfield code="p">It Had To Be You</subfield>
    <subfield code="9">28180</subfield>
  </datafield>
  <datafield tag="700" ind1=" " ind2=" ">
    <subfield code="a">Mulligan Gerry</subfield>
    <subfield code="d">Codice autore musica SPICS: 10712</subfield>
    <subfield code="e">Autore musica</subfield>
    <subfield code="p">Bweebida Bobbida</subfield>
    <subfield code="9">28181</subfield>
  </datafield>
  <datafield tag="700" ind1=" " ind2=" ">
    <subfield code="a">Fields I.</subfield>
    <subfield code="d">Codice autore musica SPICS: 28603</subfield>
    <subfield code="e">Autore musica</subfield>
    <subfield code="p">Moody's Mood For Love (I'm in the Mood For Love) - I Feel A Song Comin' On</subfield>
    <subfield code="9">28182</subfield>
  </datafield>
  <datafield tag="700" ind1=" " ind2=" ">
    <subfield code="a">McHugh Jimmy</subfield>
    <subfield code="d">Codice autore musica SPICS: 16297</subfield>
    <subfield code="e">Autore musica</subfield>
    <subfield code="p">Moody's Mood For Love (I'm in the Mood For Love) - I Feel A Song Comin' On</subfield>
    <subfield code="9">28183</subfield>
  </datafield>
  <datafield tag="700" ind1=" " ind2=" ">
    <subfield code="a">Ellington Duke</subfield>
    <subfield code="d">Codice autore musica SPICS: 13023</subfield>
    <subfield code="e">Autore musica</subfield>
    <subfield code="p">Just Squeeze Me</subfield>
    <subfield code="9">28184</subfield>
  </datafield>
  <datafield tag="700" ind1=" " ind2=" ">
    <subfield code="a">Gaines M. William</subfield>
    <subfield code="d">Codice autore SPICS: 6338</subfield>
    <subfield code="e">Autore musica</subfield>
    <subfield code="p">Just Squeeze Me</subfield>
    <subfield code="9">28185</subfield>
  </datafield>
  <datafield tag="700" ind1=" " ind2=" ">
    <subfield code="a">Berlin Isaiah</subfield>
    <subfield code="d">Codice autore musica SPICS: 10364</subfield>
    <subfield code="e">Autore musica</subfield>
    <subfield code="p">Remember</subfield>
    <subfield code="9">28186</subfield>
  </datafield>
  <datafield tag="700" ind1=" " ind2=" ">
    <subfield code="a">Dennis</subfield>
    <subfield code="d">Codice autore musica SPICS: 31661</subfield>
    <subfield code="e">Autore musica</subfield>
    <subfield code="p">Violets For Your Furs</subfield>
    <subfield code="9">28187</subfield>
  </datafield>
  <datafield tag="700" ind1=" " ind2=" ">
    <subfield code="a">Monk Thelonious</subfield>
    <subfield code="d">Codice autore musica SPICS: 10795</subfield>
    <subfield code="e">Autore musica</subfield>
    <subfield code="p">San Francisco Holiday</subfield>
    <subfield code="9">28188</subfield>
  </datafield>
  <datafield tag="700" ind1=" " ind2=" ">
    <subfield code="a">Waldron Mal</subfield>
    <subfield code="d">Codice autore musica SPICS: 18111</subfield>
    <subfield code="e">Autore musica</subfield>
    <subfield code="p">Thirteen</subfield>
    <subfield code="9">28189</subfield>
  </datafield>
  <datafield tag="942" ind1=" " ind2=" ">
    <subfield code="c">CD</subfield>
    <subfield code="2">ddc</subfield>
  </datafield>
  <datafield tag="952" ind1=" " ind2=" ">
    <subfield code="0">0</subfield>
    <subfield code="1">0</subfield>
    <subfield code="4">0</subfield>
    <subfield code="6">A_5411_000000000000000</subfield>
    <subfield code="7">1</subfield>
    <subfield code="a">SPICS</subfield>
    <subfield code="b">SPICS</subfield>
    <subfield code="d">2013-10-25</subfield>
    <subfield code="l">0</subfield>
    <subfield code="o">A5411</subfield>
    <subfield code="r">2013-10-25 00:00:00</subfield>
    <subfield code="w">2013-10-25</subfield>
    <subfield code="y">CD</subfield>
    <subfield code="z">Progr. Ins.: 228 / N.Vol.: 1 / Copie: 1 - Copia rara: n.d. / date import: 01.01.2014 - By Epidotti, Trombetti, Vaglietti</subfield>
  </datafield>
</record>
